Home Information Packs go-live date announced (Record no. 76196)
[ view plain ]
| 000 -LEADER | |
|---|---|
| fixed length control field | 01156cab a2200205 4500 |
| 001 - CONTROL NUMBER | |
| control field | ##L131611 |
| 008 - FIXED-LENGTH DATA ELEMENTS--GENERAL INFORMATION | |
| fixed length control field | 051121n2005 000 0 eng u |
| 035 ## - SYSTEM CONTROL NUMBER | |
| System control number | (Sirsi) u131611 |
| 041 0# - LANGUAGE CODE | |
| Language code of text/sound track or separate title | eng |
| 110 1# - MAIN ENTRY--CORPORATE NAME | |
| Corporate name or jurisdiction name as entry element | United Kingdom |
| Subordinate unit | Office of the Deputy Prime Minister |
| 245 00 - TITLE STATEMENT | |
| Title | Home Information Packs go-live date announced |
| 260 ## - PUBLICATION, DISTRIBUTION, ETC. | |
| Date of publication, distribution, etc. | 2005 |
| 490 #0 - SERIES STATEMENT | |
| Series statement | ODPM News Release |
| Volume/sequential designation | (2005/0233) 17 November 2005 |
| 520 ## - SUMMARY, ETC. | |
| Summary, etc. | Home Information Packs (HIPs) which the UK government is introducing to reform the home buying and selling process, will become mandatory from 1 June 2007. HIPs will significantly reduce the number of failed sale transactions. A HIP is expected to cost around £600+VAT for the average home. Most of the transaction costs are currently paid by the buyer |
| 590 ## - LOCAL NOTE (RLIN) | |
| Local note | IKA221105 |
| 650 ## - SUBJECT ADDED ENTRY--TOPICAL TERM | |
| Topical term or geographic name entry element | HOUSING ACT 2004 PART V |
| 690 ## - LOCAL SUBJECT ADDED ENTRY--TOPICAL TERM (OCLC, RLIN) | |
| Topical term or geographic name as entry element | PROPERTY-RESIDENTIAL PROPERTY-ACQUISITION AND DISPOSAL OF RESIDENTIAL PROPERTY-HOME BUYING REFORM |
| 856 40 - ELECTRONIC LOCATION AND ACCESS | |
| Uniform Resource Identifier | <a href="https://webarchive.nationalarchives.gov.uk/+/http://www.communities.gov.uk/index.asp?id=1002882&PressNoticeID=1996">https://webarchive.nationalarchives.gov.uk/+/http://www.communities.gov.uk/index.asp?id=1002882&PressNoticeID=1996</a> |
| Public note | View the news release free of charge at www.dclg.gov.uk... |
| 942 ## - ADDED ENTRY ELEMENTS (KOHA) | |
| Suppress in OPAC | 0 |
| Withdrawn status | Lost status | Source of classification or shelving scheme | Damaged status | Not for loan | Home library | Current library | Shelving location | Date acquired | Total Checkouts | Full call number | Barcode | Date last seen | Copy number | Price effective from | Koha item type |
|---|---|---|---|---|---|---|---|---|---|---|---|---|---|---|---|
| Dewey Decimal Classification | Virtual | Virtual | Online | 21/11/2005 | ONLINE PUBLICATION | 131611-2001 | 06/08/2019 | 1 | 06/08/2019 | Journal article |